Top Ten Countries by Category - Statistics

General Stats
  • This quiz has been taken 662 times
  • The average score is 67 of 80
Answer Stats
Pakistan % Correct
China
100%
China
100%
China
100%
China
100%
Russia
100%
Russia
100%
Russia
100%
Canada
99%
Canada
99%
Canada
99%
India
99%
India
99%
India
99%
India
99%
United States
99%
United States
99%
United States
99%
United States
99%
United States
99%
United States
99%
Brazil
98%
Brazil
98%
Brazil
98%
Brazil
98%
Brazil
98%
Australia
96%
Australia
96%
Australia
96%
Australia
96%
Japan
95%
Japan
95%
Indonesia
94%
Indonesia
94%
Mexico
93%
Mexico
93%
Mexico
93%
United Kingdom
93%
United Kingdom
93%
France
92%
France
92%
Argentina
91%
Germany
91%
Monaco
88%
Monaco
88%
Kazakhstan
86%
Pakistan
85%
Luxembourg
84%
Luxembourg
84%
Nigeria
84%
Nigeria
84%
Bangladesh
83%
Bangladesh
83%
Italy
83%
Algeria
82%
Norway
81%
Singapore
79%
Singapore
79%
Singapore
79%
South Korea
79%
Vatican City
79%
Denmark
76%
Denmark
76%
San Marino
76%
Switzerland
74%
Switzerland
74%
Iceland
69%
Iceland
69%
Qatar
68%
Andorra
66%
New Zealand
66%
Ireland
61%
Malta
59%
Bahrain
58%
Israel
49%
Papua New Guinea
43%
Maldives
39%
Lebanon
32%
Mauritius
27%
Barbados
21%
Cameroon
12%
No matching quizzes found
Score Distribution
Percent of People with Each Score
Percentile by Number Answered
Your Score History
You have not taken this quiz